000 02548nam0a2200541 4500
001 RU\NLR\bibl\1244259
005 20260409080721.0
010 _a978-5-94824-070-1
_bИсламские науки
010 _a978-5-94824-108-1
_bИсламские науки, кн. 8
_95000
021 _aRU
_b2008-33997
_91869
035 _a(nilc)EL/0000191071
035 _aRU\LSL\TAT_B\2216
035 _aRU\LSL\Books\2524970
035 _a(NLR Aleph) 001347312
090 _a898534
_c898534
100 _a20080403d2008 |||y0rusy50 ca
101 1 _arus
_cara
_aara
102 _aRU
105 _ay |||||||||
200 1 _aОсновы веры в свете Корана и Сунны
_f[профессора Салих ас-Сухейми, Абд-ар-Раззак аль-Бадр, Ибрахим ар-Рухейли
_gпер. с араб. Эльмир Кулиев]
205 _a[3-е изд., испр., доп.]
210 _aМосква
_cUMMAH
_cИздатель Эжаев А.К.
_d2008
215 _a303 с.
_d22
225 1 _aСерия "Исламские науки"
300 _aПарал. загл. на араб. яз.
300 _aАвт. указаны на обороте тит.л.
300 _aЧасть текста на араб. яз.
320 _aБиблиогр.: с. 294-300
333 _aУдалено из публичного доступа. Фед. сп. № 2808
500 _aКоран
_3RU\NLR\auth\559118
_92631165
500 _aСунна
_3RU\NLR\auth\5510058
_92632059
606 1 _aБогословие мусульманское
_91077808
_3RU\NLR\auth\66102067
686 _aЭ38-4
_vLBC/SL
_2rubbk
686 _a21.15.69
_2rugasnti
686 _aЭ38-4
700 1 _4070
_8rus
_7ca
_aСухейми
_bС. ас
_gСалих ас
_3RU\NLR\auth\7767222
_950150
701 1 _4070
_8rus
_7ca
_aБадр
_bА. ар-Р. б. А. аль-М.
_gАбд ар-Раззак б. Абд аль-Мухсин аль
_3RU\NLR\auth\7749536
_932471
701 1 _4070
_8rus
_7ca
_aРухейли
_bИ. ар
_gИбрахим ар
_3RU\NLR\auth\7767225
_950153
702 1 _4730
_8rus
_7ca
_aКулиев
_bЭ. Р. оглы
_f1975-
_gЭльмир Рафаэль оглы
_3RU\NLR\auth\7746589
_929524
801 0 _aRU
_bНБ Казанского ГУ
_c20080403
_gRCR
801 1 _aRU
_bНБ Казанского ГУ
_c20080504
_gRCR
801 2 _aRU
_bNLR
_c20080625
_grcr
852 _aNLR
_jОЛСАА
942 _cBOOK
980 _aNB